000 01475nam a2200337 i 4500
003 DO-SdBNP
005 20260331100703.0
007 ta
008 220708b2015 dr ||||| |||| 001 0 spa d
020 _a9789945589481
040 _aDO-SdBNP
_bspa
_cBNPHU
_erda
041 _aspa
082 4 _a972.91
_bS684c
_222
100 1 0 _aSolano Joseph, María Magdalena
_eautor
_981971
_4aut.
245 1 0 _aCuba :
_bla verdad desnuda /
_cMaría Magdalena Solano Joseph.
264 _aSanto Domingo :
_bEditorial Santuario,
_c2015.
300 _a108 páginas :
_bilustraciones, fotografías ;
_c23 cm
336 _atexto
_btxt
_2rdaconten
337 _asin mediación
_bn
_2rdamedia
338 _avolumen
_bnc
_2rdacarrier
500 _aIncluye índice
500 _aIncluye referencias gráficas.
500 _aIncluye datos biobgráficos de la autora en la contraportada del libro.
505 _aPrólogo, Carlos Rodríguez Almaguer -- Indelebles experiencias -- La hermosa historia de cuba -- La otra cara de la moneda -- Tras las huellas de Fidel, en contacto con el pueblo -- Inquietudes del corazón -- El principio del fin -- Poemas y décimas -- Referencias gráficas..
590 _aInventariado, 2022 / SA
600 1 0 _aSolano-Joseph, María Magdalena,
_d1957-
_xViajes
_zCuba
_989276
650 7 _aCuba
_xHistoria
_923448
651 7 _aCuba
_xDescripciones y viajes
_9495
700 1 _aSolano Joseph, María Magdalena
_efotografías
_981971
_4fot.
942 _2ddc
_cLBS1
999 _c52161
_d52161